Pensamiento teológico en Chile: contribución a su estudio
Guardat en:
| Autor principal: | |
|---|---|
| Format: | Llibre |
| Idioma: | espanyol |
| Publicat: |
Santiago
Pontificia Universidad Católica de Chile
1990
|
| Edició: | 1a. ed |
| Col·lecció: | Anales de la Facultad de Teología, 40. Cuaderno 2
|
| Matèries: | |
| Etiquetes: |
Afegir etiqueta
Sense etiquetes, Sigues el primer a etiquetar aquest registre!
|
MARC
| LEADER | 00000cam a2200000 a 4500 | ||
|---|---|---|---|
| 001 | UCE1475 | ||
| 003 | CL-VaPUC | ||
| 008 | 140414e19900000cl |||||||||||||||||spa|d | ||
| 082 | 0 | 4 | |a 230.0983 |b BAR |2 21 |
| 100 | 0 | |a Barrios Valdés, Marciano |e author |9 573809 | |
| 245 | 1 | 0 | |a Pensamiento teológico en Chile: contribución a su estudio |
| 250 | |a 1a. ed | ||
| 300 | |a v | ||
| 942 | |c BK | ||
| 945 | |d 20140414 |a dcastane | ||
| 260 | |a Santiago |b Pontificia Universidad Católica de Chile |c 1990 | ||
| 500 | |a v.4: Historiografía eclesiástica chilena, 1918-1988 | ||
| 650 | 0 | |a Teología cristiana |9 308336 | |
| 650 | 0 | |a Historia de la religión |9 313185 | |
| 583 | |a last modification |c 20140424 12:36:01 |k Rodrigo Vera | ||
| 490 | 0 | |a Anales de la Facultad de Teología, 40. Cuaderno 2 | |
| 999 | |c 355254 |d 355252 | ||
| 952 | |0 0 |1 0 |3 erb |4 0 |6 230_098300000000000_BAR_1990 |7 0 |8 DER_HDC |9 461836 |a BIBDER |b BIBDER |h v.4 |i 5067847 |o 230.0983 BAR 1990 |p 5067847 |r 2023-01-25 |w 2019-11-23 |x Ubicación 4to Piso |y BK |z Estos recursos deben solicitarse con anticipación |k DER | ||